000 01404cam a22002174a 4500
005 20250605164209.0
008 250528s ||||||||||||||||||||||||d
035 _a20164
020 _a880116544
040 _aGR-AtMCL
_bgre
_dGR-AtMCL
_eAACR2
245 1 _aFitness Leader's Handbook / Second Edition
250 _a2nd
260 _bHuman Kinetics,
_c1989
300 _a258
520 _aThis book is an ideal reference for anyone charged with the task of leading a fitness class. Preface, Acknowledgements, Bases for Fitness Programs, Fitness, Fitness Program, Who Should Be in a Fitness Program?, Health Status, Screening, Fitness Components, Desired Weight, Health Nutrition Plans, Desired Aerobic Fitness, Muscular Strength and Endurance, Flexibility, Preventing Low-Back Problems, Coping with Stress, The Fitness Program, Recommendations for Physical Activity, Fitness Activities, Measuring Energy Expenditure, Behavior Modification, Scientific Foundations, Basic Exercise Science, Measurement and Evaluation, Safe and Effective Programs, Preventing and Treating Injuries, Special Personal Conditions, Environmental Problems, Program Organization, Human Relations, Appendix: Recommended Dietary Allowances and Intakes, Definitions, Bibliography, Credits, Index.
700 1 _aFranks B. Don
_96177
700 1 _aHowley Edward T
_96178
942 _cBK
999 _c5303
_d5303